Epidemiología clínica (Registro nro. 3552)
[ vista simple ]
| 000 -CABECERA | |
|---|---|
| Longitud fija campo de control | 00894nam a2200265 b 4500 |
| 001 - NÚMERO DE CONTROL | |
| Número de control | bimo0001989625 |
| 003 - IDENTIFICADOR DELl NÚMERO DE CONTROL | |
| Identificador del número de control | OSt |
| 005 - FECHA Y HORA DE LA ÚLTIMA TRANSACCIÓN | |
| Fecha y hora de la última transacción | 20160916144248.0 |
| 008 - CÓDIGOS DE INFORMACIÓN DE LONGITUD FIJA | |
| Códigos de información de longitud fija | 041201s2004 ck | ||| ||spa |
| 020 ## - NÚMERO INTERNACIONAL NORMALIZADO PARA LIBROS | |
| Número Internacional Normalizado para Libros (ISBN) | 958-9181-75-9 |
| 040 ## - FUENTE DE LA CATALOGACIÓN | |
| Centro catalogador de origen | SpMaBN |
| Centro transcriptor | BMC |
| 082 ## - NÚMERO DE LA CLASIFICACIÓN DECIMAL DEWEY | |
| Númeroo de clasificación | 614.401 |
| 082 ## - NÚMERO DE LA CLASIFICACIÓN DECIMAL DEWEY | |
| Númeroo de clasificación | 610.0014 |
| 082 ## - NÚMERO DE LA CLASIFICACIÓN DECIMAL DEWEY | |
| Númeroo de clasificación | 610.00142 |
| 100 1# - PUNTO DE ACCESO PRINCIPAL-NOMBRE DE PERSONA | |
| 9 (RLIN) | 8122 |
| Nombre de persona | Ruiz Morales, Álvaro |
| 245 10 - MENCIÓN DE TÍTULO | |
| Título | Epidemiología clínica |
| Resto del título | : investigación clínica aplicada |
| Mención de responsabilidad, etc. | Álvaro Ruiz Morales, Luis Enrique Morillo Zárate |
| 260 ## - PUBLICACIÓN, DISTRIBUCIÓN, ETC. (PIE DE IMPRENTA) | |
| Lugar de publicación, distribución, etc. | Bogotá |
| Nombre del editor, distribuidor, etc. | Editorial Médica Panamericana |
| Fecha de publicación, distribución, etc. | 2004 |
| 300 ## - DESCRIPCIÓN FÍSICA | |
| Extensión | 576 p. |
| Otras características físicas | gráf. |
| Dimensiones | 24 cm |
| Material anejo | + 1 disco compacto |
| 504 ## - NOTA DE BIBLIOGRAFÍA, ETC | |
| Nota de bibliografía, etc. | Incluye referencias bibliográficas |
| 650 24 - PUNTO DE ACCESO ADICIONAL DE MATERIA - TÉRMINO DE MATERIA | |
| Término de materia o nombre geográfico como elemento inicial | Epidemiología |
| Subdivisión de materia general | Metodología |
| 9 (RLIN) | 8121 |
| 650 24 - PUNTO DE ACCESO ADICIONAL DE MATERIA - TÉRMINO DE MATERIA | |
| Término de materia o nombre geográfico como elemento inicial | Medicina |
| Subdivisión de materia general | Metodología |
| 9 (RLIN) | 24243 |
| 650 24 - PUNTO DE ACCESO ADICIONAL DE MATERIA - TÉRMINO DE MATERIA | |
| 9 (RLIN) | 4859 |
| Término de materia o nombre geográfico como elemento inicial | Medicina |
| Subdivisión de materia general | Investigación |
| 700 1# - PUNTO DE ACCESO ADICIONAL - NOMBRE DE PERSONA | |
| Nombre de persona | Morillo Zárate, Luis Enrique |
| 9 (RLIN) | 8123 |
| 942 ## - ENTRADA DE ELEMENTOS AGREGADOS (KOHA) | |
| Fuente de clasificaión o esquema | Dewey Decimal Classification |
| Koha [por defecto] tipo de item | 1- Monografias |
| Parte de clasificación | prozim |
| Suprimido | Perdido | Fuente de clasificación o esquema | Estropeado | Restricciones de uso | No para préstamo | Código de colección | Localización permanente | Localización actual | Localización en estanter&íacute;as | Fecha adquisición | Fuente de adquisición | Número de inventario | Préstamos totales | Signatura completa | Código de barras | Fecha última consulta | Fecha último préstamo | Coste, precio reemplazado | Fecha del precio de reemplazo | Tipo de item de Koha | Renovaciones totales |
|---|---|---|---|---|---|---|---|---|---|---|---|---|---|---|---|---|---|---|---|---|---|
| NULL | NULL | Dewey Decimal Classification | NULL | Préstamo en Sala | NULL | NULL | Biblioteca Centro Regional de Ilobasco | Biblioteca Centro Regional de Ilobasco | Sala Principal | 30/10/2013 | UNICAES | LI001582 | 3 | 614.401 RUI epi | 1038047 | 17/07/2025 | 17/07/2025 | 16/09/2016 | 1- Monografias | ||
| NULL | NULL | Dewey Decimal Classification | NULL | Préstamo en Sala | NULL | NULL | Biblioteca Centro Regional de Ilobasco | Biblioteca Centro Regional de Ilobasco | Sala Principal | 30/10/2013 | UNICAES | LI001583 | 1 | 614.401 RUI epi | 1038048 | 19/09/2019 | 28/06/2019 | 16/09/2016 | 1- Monografias | 1 | |
| NULL | NULL | Dewey Decimal Classification | NULL | Préstamo en Sala | NULL | NULL | Biblioteca Centro Regional de Ilobasco | Biblioteca Centro Regional de Ilobasco | Sala Principal | 30/10/2013 | UNICAES | LI001584 | 3 | 614.401 RUI epi | 1038049 | 25/02/2023 | 24/02/2023 | 16/09/2016 | 1- Monografias | ||
| NULL | NULL | Dewey Decimal Classification | NULL | Préstamo en Sala | NULL | NULL | Biblioteca Centro Regional de Ilobasco | Biblioteca Centro Regional de Ilobasco | Sala Principal | 30/10/2013 | UNICAES | LI001585 | 3 | 614.401 RUI epi | 1038050 | 01/02/2023 | 01/02/2023 | 16/09/2016 | 1- Monografias | ||
| NULL | NULL | Dewey Decimal Classification | NULL | Prestable | NULL | NULL | Biblioteca Miguel de Cervantes - UNICAES | Biblioteca Miguel de Cervantes - UNICAES | Sala Principal | 29/03/2011 | Donación - Facultad de Ciencias y Humanidades | 005782 | 4 | 614.401 RUI epi | 1005782 | 11/04/2019 | 10/04/2019 | 28.00 | 30/10/2013 | 1- Monografias | |
| NULL | NULL | Dewey Decimal Classification | NULL | Prestable | NULL | NULL | Biblioteca Miguel de Cervantes - UNICAES | Biblioteca Miguel de Cervantes - UNICAES | Sala Principal | 29/03/2011 | Donación - Facultad de Ciencias y Humanidades | 005783 | 19 | 614.401 RUI epi | 1005783 | 18/07/2023 | 18/07/2023 | 28.00 | 30/10/2013 | 1- Monografias | |
| NULL | NULL | Dewey Decimal Classification | NULL | Prestable | NULL | NULL | Biblioteca Miguel de Cervantes - UNICAES | Biblioteca Miguel de Cervantes - UNICAES | Sala Principal | 29/03/2011 | Donación - Facultad de Ciencias y Humanidades | 005784 | 6 | 614.401 RUI epi | 1005784 | 13/05/2019 | 13/05/2019 | 28.00 | 30/10/2013 | 1- Monografias |